LIBRARY ONLINE CATALOGUE

Playing popular piano and keyboards (Record no. 18119)

MARC details
000 -LEADER
fixed length control field 00582nam a22001817a 4500
008 - FIXED-LENGTH DATA ELEMENTS--GENERAL INFORMATION
fixed length control field 191205b xxu||||| |||| 00| 0 eng d
020 ## - INTERNATIONAL STANDARD BOOK NUMBER
International Standard Book Number 1854180150
040 ## - CATALOGING SOURCE
Original cataloging agency KABU
Transcribing agency KABU
050 ## - LIBRARY OF CONGRESS CALL NUMBER
Classification number ML650
Item number .T46 2002 c. 1
100 ## - MAIN ENTRY--PERSONAL NAME
Personal name Thomas, Neil
245 ## - TITLE STATEMENT
Title Playing popular piano and keyboards
Remainder of title a quick and effective method of learning to play the piano and electronic keyboards...now
260 ## - PUBLICATION, DISTRIBUTION, ETC. (IMPRINT)
Place of publication, distribution, etc. London
Name of publisher, distributor, etc. Hawksmere Ltd
Date of publication, distribution, etc. 1989
300 ## - PHYSICAL DESCRIPTION
Extent 109 p.
650 ## - SUBJECT ADDED ENTRY--TOPICAL TERM
Topical term or geographic name as entry element Piano
650 ## - SUBJECT ADDED ENTRY--TOPICAL TERM
Topical term or geographic name as entry element Piano
Form subdivision Instruction and study
650 ## - SUBJECT ADDED ENTRY--TOPICAL TERM
Topical term or geographic name as entry element Keyboard instruments
942 ## - ADDED ENTRY ELEMENTS (KOHA)
Source of classification or shelving scheme Library of Congress Classification
Koha item type General Collection
Classification part ML650
Holdings
Withdrawn status Lost status Source of classification or shelving scheme Not for loan Home library Current library Date acquired Cost, normal purchase price Total Checkouts Full call number Barcode Date last seen Date last checked out Copy number Price effective from Koha item type
    Library of Congress Classification   Kabarak, Main Campus Kabarak, Main Campus 05/12/2019 3750.00 3 ML650 .T46 2002 c. 1 022525 24/05/2021 04/05/2021 c. 1 05/12/2019 General Collection